Estate duty and property

Bibliographic Details
Main Author: Cole, C. V. B.
Other Authors: Bell, R.J, Parsons, G.B
Format: Book
Published: London : Estate Gazette , 1974
Edition:2nd ed.
Subjects:

MARC

LEADER 00000cam a2200000 7i4500
001 0000001604
005 20160819.0
040 |a INS 
090 0 0 |a KD5561.   |b C64 1974 
100 1 |a Cole, C. V. B. 
245 1 0 |a Estate duty and property   |c C.V.B. Cole, R.J. Bell, G.B. Parsons 
250 |a 2nd ed. 
260 |a London :   |b Estate Gazette ,   |c 1974 
300 |a xxiiip :   |b 242p ;   |c 21cm. 
650 0 |a Inheritance and transfer tax   |z Great Britain 
650 0 0 |a Estate (law) 
650 0 0 |a Property 
700 1 |a Bell, R.J. 
700 1 |a Parsons, G.B. 
999 |a 0000001229   |b BOOK   |c Open Shelf   |e Default branch 
999 |a 0000022184   |b BOOK   |c Open Shelf   |e Default branch 
999 |a 0000022540   |b BOOK   |c Open Shelf   |e Default branch